Citr̲āṅgada. (Record no. 55132)

MARC details
000 -LEADER
fixed length control field 00582cam a22002291 4500
001 - CONTROL NUMBER
control field sa 63003527
003 - CONTROL NUMBER IDENTIFIER
control field DLC
005 - DATE AND TIME OF LATEST TRANSACTION
control field 20260227111942.0
008 - FIXED-LENGTH DATA ELEMENTS--GENERAL INFORMATION
fixed length control field 940609s1962 ii 000 1 malo
010 ## - LIBRARY OF CONGRESS CONTROL NUMBER
LC control number sa 63003527
025 ## - OVERSEAS ACQUISITION NUMBER
Overseas acquisition number PL480:I-Mal-34
035 ## - SYSTEM CONTROL NUMBER
System control number (OCoLC)30578784
040 ## - CATALOGING SOURCE
Original cataloging agency DLC
Transcribing agency CU
Modifying agency CU
-- DLC
042 ## - AUTHENTICATION CODE
Authentication code premarc
050 00 - LIBRARY OF CONGRESS CALL NUMBER
Classification number PK1723.C58
Item number M3 1962
100 1# - MAIN ENTRY--PERSONAL NAME
Personal name Tagore, Rabindranath,
Dates associated with a name 1861-1941.
245 10 - TITLE STATEMENT
Title Citr̲āṅgada.
260 ## - PUBLICATION, DISTRIBUTION, ETC.
Date of publication, distribution, etc. [1962]
300 ## - PHYSICAL DESCRIPTION
Extent 56 p.
Dimensions 19 cm.
500 ## - GENERAL NOTE
General note In Malayalam.
700 1# - ADDED ENTRY--PERSONAL NAME
Personal name Kr̥ṣṇavāriyar, En. Vi.,
Dates associated with a name 1917-

No items available.

Powered by Koha